Александровский сад: роман

Sonraí bibleagrafaíochta
Príomhchruthaitheoir: Пиманов А. В. Алексей Викторович
Rannpháirtithe: Яновский Б. Г. Борис Георгиевич
Achoimre:Москва тридцатых-сороковых годов прошлого века. Алексей Казаринов увлекается историей Кремля, изучает архивные документы и планы тайных кремлевских подземелий. Неожиданно для себя он оказывается вовлеченным в запутанную историю с драгоценностями, которые присвоил Яков Свердлов. Пытаясь разобраться во всех хитросплетениях этого дела, Алексей приоткрывает таинственную завесу тайны, уходящей корнями вглубь веков...По книге снят популярнейший сериал «Александровский сад».
Teanga:Rúisis
Foilsithe / Cruthaithe: Москва, Астрель, 2008
Sraith:Кино-книга
Ábhair:
Formáid: MixedMaterials LEABHAR
KOHA link:https://koha.lib.tpu.ru/cgi-bin/koha/opac-detail.pl?biblionumber=168601

MARC

LEADER 00000nam0a2200000 4500
001 168601
005 20231031163144.0
010 |a 9785170496495 
010 |a 978-5-271-19641-6 
035 |a (RuTPU)RU\TPU\book\182917 
090 |a 168601 
100 |a 20091029d2008 m y0rusy50 ca 
101 0 |a rus 
102 |a RU 
105 |a y z 000ay 
200 1 |a Александровский сад  |e роман  |f А. В. Пиманов, Б. Г. Яновский 
210 |a Москва  |c Астрель  |c АСТ  |d 2008 
215 |a 382 с. 
225 1 |a Кино-книга 
330 |a Москва тридцатых-сороковых годов прошлого века. Алексей Казаринов увлекается историей Кремля, изучает архивные документы и планы тайных кремлевских подземелий. Неожиданно для себя он оказывается вовлеченным в запутанную историю с драгоценностями, которые присвоил Яков Свердлов. Пытаясь разобраться во всех хитросплетениях этого дела, Алексей приоткрывает таинственную завесу тайны, уходящей корнями вглубь веков...По книге снят популярнейший сериал «Александровский сад». 
610 1 |a русская литература 
610 1 |a романы 
610 1 |a исторические романы 
610 1 |a СССР 
610 1 |a история 
610 1 |a телесериалы 
675 |a Р2  |v 3 
700 1 |a Пиманов  |b А. В.  |g Алексей Викторович 
701 1 |a Яновский  |b Б. Г.  |g Борис Георгиевич 
801 1 |a RU  |b 63413507  |c 20091029 
801 2 |a RU  |b 63413507  |c 20091110  |g RCR 
942 |c BK